| 000 | 00977nam2a22002291 4500 | ||
|---|---|---|---|
| 001 | rc\4295913 | ||
| 005 | 20250611152341.0 | ||
| 035 | _a(NLR Aleph) 008254989 | ||
| 090 |
_a8360153 _c8360153 |
||
| 100 | _a20130416d1957 |||y0rusy50 ca | ||
| 101 | 0 | _arus | |
| 102 | _aRU | ||
| 105 | _ay z ||||| | ||
| 200 | 1 | _aНа свеклоуборочном комбайне - две сезонных нормы | |
| 210 |
_aФрунзе _cКиргизгосиздат _d1957 |
||
| 461 | 0 |
_1001rc\4295906 _12001#$aБиблиотечка колхозных и совхозных свекловодов Киргизии$e[Вып. 1-11]$v[7] _98360111 _cФрунзе _d1957 _nКиргизгосиздат _o[Вып. 1-11] _p11 т. _tБиблиотечка колхозных и совхозных свекловодов Киргизии _v[7] |
|
| 700 | 1 |
_aЕрмошкин _bА.Н. |
|
| 801 | 0 |
_aRU _bNLR _gpsbo |
|
| 801 | 1 |
_aRU _bELAR _2rusmarc |
|
| 852 |
_aNLR _j57-2/1032 |
||
| 942 | _cBOOK | ||
| 980 | _aNB | ||